000
00294nam a2200121Ia 4500
008
191201s2019 xx 000 0 und d
100
_a
MOTHE, Madhusudan
245
0
_a
C++Programming a prctical approach
250
_a
1st imp
260
_b
Pearson
_a
NEW DELHI
300
_a
453
942
_2
ddc
_c
BK
999
_c
7990
_d
7990